MARC details
| 000 -LEADER |
| fixed length control field |
01898cas a2200505 a 4500 |
| 001 - CONTROL NUMBER |
| control field |
11259028 |
| 003 - CONTROL NUMBER IDENTIFIER |
| control field |
OSt |
| 005 - DATE AND TIME OF LATEST TRANSACTION |
| control field |
20211011153628.0 |
| 008 - FIXED-LENGTH DATA ELEMENTS--GENERAL INFORMATION |
| fixed length control field |
820308c19uu9999ctuar 0 a0eng |
| 010 ## - LIBRARY OF CONGRESS CONTROL NUMBER |
| LC control number |
82641370 |
| 020 ## - INTERNATIONAL STANDARD BOOK NUMBER |
| International Standard Book Number |
0070413479 |
| 022 0# - INTERNATIONAL STANDARD SERIAL NUMBER |
| International Standard Serial Number |
0732-0779 |
| ISSN-L |
0732-0779 |
| Source |
1 |
| 035 ## - SYSTEM CONTROL NUMBER |
| System control number |
(OCoLC)ocm08225010 |
| 037 ## - SOURCE OF ACQUISITION |
| Source of stock number/acquisition |
Dushkin Pub. Group, Inc., Sluice Dock, Guilford, Ct. 06437 |
| 040 ## - CATALOGING SOURCE |
| Original cataloging agency |
DDC |
| Language of cataloging |
eng |
| Transcribing agency |
HU |
| Modifying agency |
NSD |
| -- |
DLC |
| -- |
NST |
| -- |
IUL |
| -- |
NST |
| -- |
OCLCQ |
| -- |
SINLB |
| -- |
OCLCQ |
| -- |
TULIB |
| -- |
OCLCO |
| -- |
OCLCQ |
| -- |
OCLCF |
| -- |
OCLCO |
| -- |
GILDS |
| -- |
OCLCO |
| -- |
OCLCA |
| -- |
OCLCQ |
| 042 ## - AUTHENTICATION CODE |
| Authentication code |
pcc |
| -- |
nsdp |
| 050 00 - LIBRARY OF CONGRESS CALL NUMBER |
| Classification number |
BF698.A1 |
| Item number |
P45 |
| 082 04 - DEWEY DECIMAL CLASSIFICATION NUMBER |
| Classification number |
155.205/PER |
| Edition number |
21 |
| 210 0# - ABBREVIATED TITLE |
| Abbreviated title |
Pers. growth behav. |
| 222 #0 - KEY TITLE |
| Key title |
Personal growth and behavior |
| 245 00 - TITLE STATEMENT |
| Title |
Personal growth and behavior. |
| 246 14 - VARYING FORM OF TITLE |
| Title proper/short title |
Annual editions, personal growth and behavior |
| 260 ## - PUBLICATION, DISTRIBUTION, ETC. |
| Place of publication, distribution, etc. |
Guilford, Ct. : |
| Name of publisher, distributor, etc. |
Dushkin Pub. Group |
| Date of publication, distribution, etc. |
1999. |
| 300 ## - PHYSICAL DESCRIPTION |
| Extent |
volumes : |
| Other physical details |
illustrations ; |
| Dimensions |
28 cm. |
| 310 ## - CURRENT PUBLICATION FREQUENCY |
| Current publication frequency |
Annual |
| 336 ## - CONTENT TYPE |
| Content type term |
text |
| Content type code |
txt |
| Source |
rdacontent |
| 337 ## - MEDIA TYPE |
| Media type term |
unmediated |
| Media type code |
n |
| Source |
rdamedia |
| 338 ## - CARRIER TYPE |
| Carrier type term |
volume |
| Carrier type code |
nc |
| Source |
rdacarrier |
| 490 1# - SERIES STATEMENT |
| Series statement |
Annual editions |
| 515 ## - NUMBERING PECULIARITIES NOTE |
| Numbering peculiarities note |
Issues for <1990-91-> called also <10th ed.-> |
| 588 ## - SOURCE OF DESCRIPTION NOTE |
| Source of description note |
Description based on: 82/83. |
| 588 ## - SOURCE OF DESCRIPTION NOTE |
| Source of description note |
Latest issue consulted: 90/91. |
| 590 ## - LOCAL NOTE (RLIN) |
| Local note |
SERBIB/SERLOC merged record |
| 650 #0 - SUBJECT ADDED ENTRY--TOPICAL TERM |
| Topical term or geographic name entry element |
Personality |
| Form subdivision |
Periodicals. |
| 9 (RLIN) |
12491 |
| 650 #0 - SUBJECT ADDED ENTRY--TOPICAL TERM |
| Topical term or geographic name entry element |
Adjustment (Psychology) |
| Form subdivision |
Periodicals. |
| 9 (RLIN) |
12492 |
| 650 #7 - SUBJECT ADDED ENTRY--TOPICAL TERM |
| Topical term or geographic name entry element |
Adjustment (Psychology) |
| Source of heading or term |
fast |
| Authority record control number or standard number |
(OCoLC)fst00796680 |
| 9 (RLIN) |
12493 |
| 650 #7 - SUBJECT ADDED ENTRY--TOPICAL TERM |
| Topical term or geographic name entry element |
Personality. |
| Source of heading or term |
fast |
| Authority record control number or standard number |
(OCoLC)fst01058667 |
| 9 (RLIN) |
12494 |
| 655 #7 - INDEX TERM--GENRE/FORM |
| Genre/form data or focus term |
Periodicals. |
| Source of term |
fast |
| Authority record control number or standard number |
(OCoLC)fst01411641 |
| 9 (RLIN) |
4070 |
| 655 #7 - INDEX TERM--GENRE/FORM |
| Genre/form data or focus term |
Periodicals. |
| Source of term |
lcgft |
| 9 (RLIN) |
4070 |
| 776 08 - ADDITIONAL PHYSICAL FORM ENTRY |
| Relationship information |
Online version: |
| Title |
Personal growth and behavior |
| Record control number |
(OCoLC)632023995 |
| 830 #0 - SERIES ADDED ENTRY--UNIFORM TITLE |
| Uniform title |
Annual editions. |
| 9 (RLIN) |
12495 |
| 906 ## - LOCAL DATA ELEMENT F, LDF (RLIN) |
| a |
7 |
| b |
cbc |
| c |
serials |
| d |
3 |
| e |
ncip |
| f |
19 |
| g |
n-oclcserc |
| 942 ## - ADDED ENTRY ELEMENTS (KOHA) |
| Source of classification or shelving scheme |
Dewey Decimal Classification |
| Koha item type |
Books like text book referance book |
| Suppress in OPAC |
No |